Ba nhà báo Sài Gòn Kỷ niệm 150 năm báo quốc ngữ (1865 - 2015)
Dương Tử Giang (1914 - 1956), "Triệu Tử Long" của làng báo Sài Gòn. Trần Tấn Quốc (1914-1987) cha đẻ giải "Thanh Tâm". Bà Bút Trà (1903 - 1978) kỳ nhân của làng báo Sài Gòn.
Na minha lista:
| Autor principal: | |
|---|---|
| Formato: | Livro |
| Idioma: | Vietnamese |
| Publicado em: |
Tp.HCM
Văn hóa - Văn nghệ Tp. Hồ Chí Minh
2015
|
| Assuntos: | |
| Tags: |
Adicionar Tag
Sem tags, seja o primeiro a adicionar uma tag!
|
| Thư viện lưu trữ: | Mạng thư viện Đại học Đà Nẵng |
|---|
| LEADER | 01484nam a2200361 4500 | ||
|---|---|---|---|
| 001 | 000024091 | ||
| 003 | 20570 | ||
| 005 | 20161011101036.0 | ||
| 008 | 161006s2015 viesd | ||
| 020 | |a 9786046820543 |c 88000đ | ||
| 041 | 0 | |a vie | |
| 082 | 1 | 4 | |a 079.59779 |b TR-V |
| 100 | 1 | |a Trần Nhật Vy | |
| 245 | 1 | 0 | |a Ba nhà báo Sài Gòn |b Kỷ niệm 150 năm báo quốc ngữ (1865 - 2015) |c Trần Nhật Vy |
| 260 | |a Tp.HCM |b Văn hóa - Văn nghệ Tp. Hồ Chí Minh |c 2015 | ||
| 300 | |a 261 tr. |c 24 cm. | ||
| 520 | 3 | |a Dương Tử Giang (1914 - 1956), "Triệu Tử Long" của làng báo Sài Gòn. Trần Tấn Quốc (1914-1987) cha đẻ giải "Thanh Tâm". Bà Bút Trà (1903 - 1978) kỳ nhân của làng báo Sài Gòn. | |
| 600 | 1 | 4 | |a Dương Tử Giang |d 1914-1956 |t Nhà báo |
| 600 | 1 | 4 | |a Trần Tấn Quốc |d 1914-1987 |t Nhà báo |
| 600 | 1 | 4 | |a Bút Trà |d 1903 - 1978 |t Nhà báo |
| 650 | 0 | 4 | |a Nhà báo |x Tiểu sử |z Việt Nam (Sài Gòn) |
| 653 | |a Nghề báo | ||
| 653 | |a Nhà báo | ||
| OWN | |a LSP | ||
| AVA | |a UDN50 |b LSP |d 079.59779 TR-V |e available |t Error 5001 Not defined in file expand_doc_bib_avail. |f 4 |g 0 |h N |i 0 |k 1 | ||
| 999 | |a From the UDN01 | ||
| AVA | |a UDN50 |b LSP |d 079.59779 TR-V |e available |t Error 5001 Not defined in file expand_doc_bib_avail. |f 4 |g 0 |h N |i 0 |k 1 | ||
| TYP | |a Monograph | ||
| TYP | |a Printed language | ||
| 980 | |a Mạng thư viện Đại học Đà Nẵng | ||


